[Event "Zuzmara op"]
[Site "Aggtelek"]
[Date "2004.02.04"]
[Round "1"]
[White "Remetean, Vasile"]
[Black "Bogdan, Dan"]
[Result "0-1"]
[WhiteElo "2118"]
[BlackElo "2452"]
[PlyCount "88"]
[EventDate "2004.02.04"]
[EventType "swiss"]
[EventRounds "7"]
[EventCountry "HUN"]
[SourceTitle "EXT 2008"]
[Source "ChessBase"]
[SourceDate "2007.11.25"]
[SourceVersion "1"]
[SourceVersionDate "2007.11.25"]
[SourceQuality "1"]

1. b4 e6 2. Bb2 Nf6 3. b5 d5 4. e3 Nbd7 5. c4 c6 6. a4 a5 7. Nf3 Bd6 8. Be2 e5 9. d4 e4 10. Nfd2 0-0 11. c5 Bb8 12. Nc3 Ne8 13. 0-0 f5 14. f4 exf3 15. Nxf3 Qe7 16. Qd3 g6 17. Rae1 Nef6 18. Bd1 Ng4 19. h3 Ngf6 20. Ne2 Ne4 21. Bb3 g5 22. Nh2 Ndf6 23. b6 Ng3 24. Nxg3 Bxg3 25. Re2 Ne4 26. Rf3 Bxh2+ 27. Kxh2 Be6 28. Bc2 Rf6 29. Qd1 g4 30. Rf4 Raf8 31. Bxe4 fxe4 32. Ref2 Rxf4 33. Rxf4 Rxf4 34. exf4 Qh4 35. Qf1 e3 36. g3 e2 37. Qg2 Qxh3+ 38. Qxh3 e1Q 39. Qh6 Qf2+ 40. Kh1 Qf3+ 41. Kh2 Qe2+ 42. Kg1 Qd1+ 43. Kh2 Qc2+ 44. Kg1 Qb1+ 0-1

[Event "Miskolc IM"]
[Site "Miskolc"]
[Date "2004.??.??"]
[Round "7"]
[White "Barva, Attila"]
[Black "Remetean, Vasile"]
[Result "1-0"]
[WhiteElo "2379"]
[BlackElo "2118"]
[PlyCount "87"]
[EventDate "2004.03.10"]
[EventType "tourn"]
[EventRounds "9"]
[EventCountry "HUN"]
[EventCategory "2"]
[SourceTitle "CBM 099 Extra"]
[Source "ChessBase"]
[SourceDate "2004.05.04"]
[SourceVersion "1"]
[SourceVersionDate "2004.05.04"]
[SourceQuality "1"]

1. d4 Nf6 2. Nf3 g6 3. Bf4 d5 4. e3 c5 5. c4 Bg7 6. Nc3 0-0 7. dxc5 Qa5 8. Nd2 dxc4 9. Bxc4 Qxc5 10. Qe2 Nc6 11. 0-0 Nh5 12. Bc7 Nd4 13. exd4 Qxc7 14. Nd5 Qd7 15. Nxe7+ Kh8 16. Nb3 Nf4 17. Qe4 b5 18. Bxb5 Nh3+ 19. gxh3 Qxb5 20. Nxc8 Raxc8 21. Rac1 Rce8 22. Qf3 Re7 23. Rc5 Qa4 24. Ra5 Qb4 25. Rd1 Rd8 26. Rd5 Rc8 27. Rc5 Rd8 28. Qc3 Qb6 29. Qc4 Red7 30. Rc6 Qb8 31. d5 Qe5 32. Nc5 Qg5+ 33. Kf1 Rxd5 34. Rxd5 Rxd5 35. Ne4 Rd1+ 36. Ke2 Qh5+ 37. f3 Rd8 38. Rc8 Qh4 39. Qc7 Rg8 40. Qb8 h5 41. Rxg8+ Kh7 42. f4 Qe7 43. Rxg7+ Kxg7 44. Qe5+ 1-0

[Event "Miskolc IM"]
[Site "Miskolc"]
[Date "2004.??.??"]
[Round "4"]
[White "Remetean, Vasile"]
[Black "Boros, Denes"]
[Result "0-1"]
[WhiteElo "2118"]
[BlackElo "2393"]
[PlyCount "190"]
[EventDate "2004.03.10"]
[EventType "tourn"]
[EventRounds "9"]
[EventCountry "HUN"]
[EventCategory "2"]
[SourceTitle "CBM 099 Extra"]
[Source "ChessBase"]
[SourceDate "2004.05.04"]
[SourceVersion "1"]
[SourceVersionDate "2004.05.04"]
[SourceQuality "1"]

1. e4 c5 2. Nc3 Nc6 3. f4 g6 4. Nf3 Bg7 5. Bc4 e6 6. f5 Nge7 7. fxe6 dxe6 8. d3 0-0 9. 0-0 Na5 10. Bb3 b6 11. Qe1 Nec6 12. Bg5 f6 13. Bd2 Nb4 14. Rc1 Nxb3 15. axb3 e5 16. Qh4 Be6 17. Bh6 Qd7 18. Bxg7 Kxg7 19. Rf2 Rf7 20. Rcf1 Raf8 21. h3 Nc6 22. g4 h6 23. Nd1 b5 24. Ne3 Nd4 25. Qg3 Nxf3+ 26. Rxf3 Qd4 27. Kh1 Qxb2 28. R1f2 Qc1+ 29. Kh2 a5 30. Rf1 Qb2 31. Qe1 Ra8 32. Qf2 Raf8 33. Qe1 Qa3 34. Qc3 Qb4 35. Qa1 a4 36. bxa4 Ra8 37. c3 Qxa4 38. Qxa4 bxa4 39. c4 a3 40. Ra1 Rb7 41. Rf2 Rb3 42. Rd2 h5 43. Kg3 hxg4 44. hxg4 Kh6 45. Kf3 Kg5 46. Rh1 a2 47. Ra1 Raa3 48. Ke2 Bxg4+ 49. Nxg4 Kxg4 50. Ke3 Kg5 51. Raxa2 Rxd3+ 52. Rxd3 Rxa2 53. Rd6 Ra5 54. Re6 Ra3+ 55. Kd2 Rb3 56. Rc6 f5 57. Rxc5 Kf4 58. exf5 gxf5 59. Ra5 Rb8 60. Ra1 Rd8+ 61. Ke2 Ke4 62. Rc1 Rh8 63. Kf2 f4 64. c5 Rh2+ 65. Kg1 Rh7 66. Kf2 Rc7 67. c6 Kd5 68. Rd1+ Kxc6 69. Kf3 Rd7 70. Ra1 Kd5 71. Ra5+ Ke6 72. Ra8 Rd3+ 73. Ke2 Re3+ 74. Kf2 Kf5 75. Ra4 Rb3 76. Ra5 Rb2+ 77. Kf3 Rc2 78. Rb5 Rc3+ 79. Kf2 Ke4 80. Rb4+ Kd3 81. Kf3 Rc1 82. Rb3+ Kc4 83. Rb6 Rc3+ 84. Kf2 Kd4 85. Rb4+ Rc4 86. Rb8 Ke4 87. Rb2 f3 88. Rb3 Rc2+ 89. Kg3 Rg2+ 90. Kh3 Kf4 91. Ra3 Rg7 92. Kh2 f2 93. Ra1 e4 94. Ra4 Kf3 95. Ra1 Rh7# 0-1